[Event "hungary defence  slow knockout"]
[Site "SchemingMind.com"]
[Date "2017.06.12"]
[Round "-"]
[White "aliwood"]
[Black "kenneth m day"]
[Result "0-1"]
[WhiteCountry "ENG"]
[BlackCountry "USA"]
[WhiteElo "1184"]
[WhiteRD "73"]
[BlackElo "1714"]
[BlackRD "60"]
[GameID "414865"]

1. e4 e5 2. Nf3 Nc6 3. Bc4 Be7 4. Bxf7+ Kxf7 5. O-O Nf6 6. Nc3 Rf8 7. d3 Kg8 8. a3 d5 9. Nxd5 Nxd5 10. exd5 Qxd5
11. Be3 Bg4 12. c4 Qe6 13. Qd2 Qg6 14. b4 Bxf3 15. Qd1 Qxg2#
0-1

[Event "hungary defence  slow knockout"]
[Site "SchemingMind.com"]
[Date "2017.06.12"]
[Round "-"]
[White "kenneth m day"]
[Black "aliwood"]
[Result "1-0"]
[WhiteCountry "USA"]
[BlackCountry "ENG"]
[WhiteElo "1690"]
[WhiteRD "62"]
[BlackElo "1253"]
[BlackRD "61"]
[GameID "414866"]

1. e4 e5 2. Nf3 Nc6 3. Bc4 Be7 4. O-O d5 5. exd5 Nd4 6. Nxe5 Bd6 7. f4 Qe7 8. Re1 c6 9. Nxc6 bxc6 10. Rxe7+ Nxe7
11. Nc3 O-O 12. dxc6 Bxf4 13. d3 Bxc1 14. Rxc1 Nexc6 15. Ne4 Be6 16. c3 Nf5 17. Bxe6 fxe6 18. Qh5 Ne5 19. Ng5 Nh6 20. Nxe6 Rf7
21. Qxe5 Re8 22. Qd5 g6 23. Ng5 Rf8 24. Nxf7 Nxf7 25. Rf1 h5 26. c4
1-0

[Event "hungary defence  slow knockout"]
[Site "SchemingMind.com"]
[Date "2017.07.03"]
[Round "-"]
[White "Till Plewe"]
[Black "maro"]
[Result "1-0"]
[WhiteCountry "JPN"]
[BlackCountry "MEX"]
[WhiteElo "2437"]
[WhiteRD "96"]
[BlackElo "1397"]
[BlackRD "69"]
[GameID "415726"]

1. e4 e5 2. Nf3 Nc6 3. Bc4 Be7 4. d4 d6 5. d5 Nd4 6. Nxd4 exd4 7. Qxd4 Bf6 8. Qd3 Be5 9. f4 Bf6 10. O-O c6
11. dxc6 Qb6+ 12. Be3 Qxb2 13. e5 dxe5 14. fxe5 Bxe5 15. Bxf7+ Ke7 16. Bc5+ Bd6 17. Qxd6#
1-0

[Event "hungary defence  slow knockout"]
[Site "SchemingMind.com"]
[Date "2017.07.03"]
[Round "-"]
[White "maro"]
[Black "Till Plewe"]
[Result "0-1"]
[WhiteCountry "MEX"]
[BlackCountry "JPN"]
[WhiteElo "1372"]
[WhiteRD "69"]
[BlackElo "2444"]
[BlackRD "100"]
[GameID "415727"]

1. e4 e5 2. Nf3 Nc6 3. Bc4 Be7 4. d4 exd4 5. Nxd4 d6 6. Nc3 Nf6 7. h3 O-O 8. O-O Ne5 9. Bb3 c5 10. Nf3 Qc7
11. Bf4 c4 12. Ba4 a6 13. Nd4 b5 14. Bxb5 axb5 15. Ncxb5 Qb7 16. b3 Qxe4 17. Bxe5 dxe5 18. Nf3 Rd8 19. Qc1 Bxh3 20. gxh3 Qxf3
21. Kh2 Nd5 22. bxc4 Nf4
0-1

[Event "hungary defence  slow knockout"]
[Site "SchemingMind.com"]
[Date "2017.08.05"]
[Round "-"]
[White "Wojtek26"]
[Black "Greg Magne"]
[Result "0-1"]
[WhiteCountry "POL"]
[BlackCountry "CAN"]
[WhiteElo "1558"]
[WhiteRD "47"]
[BlackElo "1777"]
[BlackRD "81"]
[GameID "416980"]

1. e4 e5 2. Nf3 Nc6 3. Bc4 Be7 4. O-O Nf6 5. Nc3 O-O 6. a3 d6 7. d3 Bg4 8. h3 Bh5 9. b4 Re8 10. Nd5 Nxd5
11. Bxd5 Nd4 12. g4 Bg6 13. Nxd4 exd4 14. f4 h6 15. f5 Bh7 16. Bb2 c5 17. bxc5 dxc5 18. c3 Bf6 19. cxd4 cxd4 20. Qb3 Re7
21. Rac1 Rb8 22. Qb4 a5 23. Qd2 b5 24. Rc5 b4 25. axb4 axb4 26. Rfc1 Ra7 27. R1c2 Bg5 28. Qf2 Be3
0-1

[Event "hungary defence  slow knockout"]
[Site "SchemingMind.com"]
[Date "2017.08.04"]
[Round "-"]
[White "Greg Magne"]
[Black "Wojtek26"]
[Result "1-0"]
[WhiteCountry "CAN"]
[BlackCountry "POL"]
[WhiteElo "1777"]
[WhiteRD "81"]
[BlackElo "1558"]
[BlackRD "47"]
[GameID "416981"]

1. e4 e5 2. Nf3 Nc6 3. Bc4 Be7 4. d4 exd4 5. Nxd4 Nxd4 6. Qxd4 Nf6 7. Nc3 O-O 8. e5 Ne8 9. O-O d6 10. Be3 Bf5
11. Rad1 Bxc2 12. Rd2 Bg6 13. Rfd1 c5 14. Qf4 a6 15. Bxc5 Bg5 16. Qg4 Bxd2 17. Rxd2 b6 18. Bxd6 Nxd6 19. Rxd6 Qc7 20. Nd5 Qc5
21. Ne7+ Kh8 22. Rxg6 hxg6 23. Nxg6+ fxg6 24. Qh4#
1-0

[Event "hungary defence  slow knockout"]
[Site "SchemingMind.com"]
[Date "2017.08.28"]
[Round "-"]
[White "Aba"]
[Black "Helga1946"]
[Result "0-1"]
[WhiteCountry "ISR"]
[BlackCountry "GER"]
[WhiteElo "1779"]
[WhiteRD "75"]
[BlackElo "2221"]
[BlackRD "71"]
[GameID "417692"]

1. e4 e5 2. Nf3 Nc6 3. Bc4 Be7 4. d3 h6 5. c3 Bf6 6. Be3 Nge7 7. Nbd2 b6 8. a3 d5 9. Bb5 Bb7 10. d4 exd4
11. cxd4 dxe4 12. Nxe4 Qd5 13. Nxf6+ gxf6 14. Qd3 O-O-O 15. Qc4 Qf5 16. Rc1 Kb8 17. O-O Rhg8 18. Rfd1 Qxf3 19. g3 Ne5 20. Qxc7+ Ka8
21. Kf1 Nd5 22. Be2 Qh1#
0-1

[Event "hungary defence  slow knockout"]
[Site "SchemingMind.com"]
[Date "2017.08.28"]
[Round "-"]
[White "Helga1946"]
[Black "Aba"]
[Result "1-0"]
[WhiteCountry "GER"]
[BlackCountry "ISR"]
[WhiteElo "2282"]
[WhiteRD "76"]
[BlackElo "1818"]
[BlackRD "80"]
[GameID "417693"]

1. e4 e5 2. Nf3 Nc6 3. Bc4 Be7 4. c3 a6 5. d4 d6 6. Qb3 Na5 7. Bxf7+ Kf8 8. Qa4 c6 9. Bxg8 Rxg8 10. dxe5 b5
11. Qd4 Bb7 12. Nbd2 c5 13. Qe3 g5 14. h4 g4 15. Ng5 Rg7 16. Ne6+
1-0

[Event "hungary defence  slow knockout"]
[Site "SchemingMind.com"]
[Date "2017.10.14"]
[Round "-"]
[White "frankly"]
[Black "emvarela"]
[Result "1-0"]
[WhiteCountry "ENG"]
[BlackCountry "ARG"]
[WhiteElo "2655"]
[WhiteRD "61"]
[BlackElo "1912"]
[BlackRD "71"]
[GameID "419443"]

1. e4 e5 2. Nf3 Nc6 3. Bc4 Be7 4. d4 exd4 5. Nxd4 d6 6. O-O Nf6 7. Nc3 Ne5 8. Bb3 O-O 9. f4 Neg4 10. h3 c5
11. Nf3 Nh6 12. Qd3 Qb6 13. Be3 Be6 14. g4 Qc7 15. Bxe6 fxe6 16. g5 c4 17. Qe2 Nxe4 18. gxh6 Nxc3 19. bxc3 gxh6 20. Bd4 Kf7
21. Rae1 Qc8 22. f5 e5 23. f6 Rg8+ 24. Kh2 Bxf6 25. Nxe5+
1-0

[Event "hungary defence  slow knockout"]
[Site "SchemingMind.com"]
[Date "2017.10.14"]
[Round "-"]
[White "emvarela"]
[Black "frankly"]
[Result "0-1"]
[WhiteCountry "ARG"]
[BlackCountry "ENG"]
[WhiteElo "1912"]
[WhiteRD "71"]
[BlackElo "2655"]
[BlackRD "61"]
[GameID "419444"]

1. e4 e5 2. Nf3 Nc6 3. Bc4 Be7 4. O-O Nf6 5. d3 O-O 6. Nc3 d6 7. Bg5 Na5 8. Qe2 c6 9. Bb3 h6 10. Bxf6 Bxf6
11. d4 exd4 12. Nb1 Re8 13. Nbd2 Bf5 14. Qd3 Bg6 15. Rfe1 d5 16. Re2 b5 17. Rc1 Nb7 18. Nxd4 dxe4 19. Qg3 Bh5
0-1

[Event "hungary defence  slow knockout"]
[Site "SchemingMind.com"]
[Date "2017.10.19"]
[Round "-"]
[White "Hisjazzrabbit"]
[Black "Jari Laine"]
[Result "0-1"]
[WhiteCountry "FRA"]
[BlackCountry "FIN"]
[WhiteElo "1483"]
[WhiteRD "139"]
[BlackElo "2501"]
[BlackRD "87"]
[GameID "419706"]

1. e4 e5 2. Nf3 Nc6 3. Bc4 Be7 4. d4 exd4 5. Nxd4 Nf6 6. e5 Nxe5 7. Qe2 Nxc4 8. Qxc4 d5 9. Qd3 O-O 10. O-O Re8
11. Nc3 c5 12. Nf3 d4 13. Ne4 Nxe4 14. Qxe4 Bf8
0-1

[Event "hungary defence  slow knockout"]
[Site "SchemingMind.com"]
[Date "2017.10.19"]
[Round "-"]
[White "Jari Laine"]
[Black "Hisjazzrabbit"]
[Result "1-0"]
[WhiteCountry "FIN"]
[BlackCountry "FRA"]
[WhiteElo "2501"]
[WhiteRD "87"]
[BlackElo "1483"]
[BlackRD "139"]
[GameID "419707"]

1. e4 e5 2. Nf3 Nc6 3. Bc4 Be7 4. O-O Bc5 5. c3 Qe7 6. d4 Bd6 7. b4 exd4 8. e5 Nxe5 9. Nxe5 Bxe5 10. Re1 dxc3
11. Nxc3 Nf6 12. Bb2 O-O 13. Nd5 Nxd5 14. Rxe5 Qxb4 15. Qxd5 Qxb2 16. Qxf7+
1-0

[Event "hungary defence  slow knockout"]
[Site "SchemingMind.com"]
[Date "2017.11.07"]
[Round "-"]
[White "echecs"]
[Black "Pol MacGilla tSamhais"]
[Result "1-0"]
[WhiteCountry "ENG"]
[BlackCountry "IRL"]
[WhiteElo "1797"]
[WhiteRD "72"]
[BlackElo "1120"]
[BlackRD "106"]
[GameID "420209"]

1. e4 e5 2. Nf3 Nc6 3. Bc4 Be7 4. d4 d6 5. O-O f6 6. d5 Nb4 7. a3 Na6 8. Bb5+ Bd7 9. Nc3 f5 10. Bxd7+ Kxd7
11. exf5 Nh6 12. Qd3 Nc5 13. Qb5+ Kc8 14. b4 a6 15. Qc4 Nxf5 16. bxc5 dxc5 17. Nxe5 Nd6 18. Qg4+ Kb8 19. Nd7+ Kc8 20. Nb6+ Kb8
21. Nxa8 Kxa8 22. Bd2 g6 23. Rab1 b6 24. Qa4 Ka7 25. Rb3 Nf5 26. Rfb1 Nd4 27. Nb5+ Kb7 28. Nxd4 Qd6 29. Nf3 Qxd5 30. Rd3 Qc6
31. Qc4 b5 32. Ne5
1-0

[Event "hungary defence  slow knockout"]
[Site "SchemingMind.com"]
[Date "2017.11.07"]
[Round "-"]
[White "Pol MacGilla tSamhais"]
[Black "echecs"]
[Result "0-1"]
[WhiteCountry "IRL"]
[BlackCountry "ENG"]
[WhiteElo "1121"]
[WhiteRD "101"]
[BlackElo "1808"]
[BlackRD "69"]
[GameID "420210"]

1. e4 e5 2. Nf3 Nc6 3. Bc4 Be7 4. b3 Nf6 5. Ng5 O-O 6. Bb2 d6 7. f3 Nh5 8. g3 Bxg5 9. g4 Bh4+ 10. Kf1 Nf4
11. Nc3 Nh3 12. Qe2 Qf6 13. Qg2 Nf4 14. Nd5 Nxd5 15. Bxd5 Nb4 16. Bc3 Nxd5 17. exd5 Qf4 18. Qh3 Bg5 19. d3 f5 20. gxf5 Rxf5
21. Rd1 Qe3 22. Be1 Rxf3+
0-1

[Event "hungary defence  slow knockout"]
[Site "SchemingMind.com"]
[Date "2017.11.12"]
[Round "-"]
[White "pnwmusichound"]
[Black "Kenny Elliott"]
[Result "1-0"]
[WhiteCountry "USA"]
[BlackCountry "USA"]
[WhiteElo "1945"]
[WhiteRD "99"]
[BlackElo "1512"]
[BlackRD "69"]
[GameID "420389"]

1. e4 e5 2. Nf3 Nc6 3. Bc4 Be7 4. d4 d6 5. h3 Nf6 6. Nc3 O-O 7. O-O a6 8. a4 a5 9. Re1 Nxd4 10. Nxd4 exd4
11. Qxd4 c6 12. Re3 c5 13. Qd3 b6 14. Qe2 Be6 15. Bxe6 fxe6 16. Rg3 Kh8 17. Nb5 Rg8 18. Raa3 e5 19. Rad3 c4 20. Rd1 Rc8
21. f4 Qc7 22. Nxc7 Rxc7 23. fxe5 dxe5 24. Rc3 Rgc8 25. Bg5 h6 26. Bxf6 Bxf6 27. b3 Be7 28. Rxc4 Bc5+ 29. Kh2 Rf8 30. c3 Rcf7
31. Qg4 Be7 32. Qe6 Bh4 33. Qxb6 Kh7 34. Rc7 Rf2 35. Rd6 R8f3 36. Rxh6+ Kg8 37. Rxh4
1-0

[Event "hungary defence  slow knockout"]
[Site "SchemingMind.com"]
[Date "2017.11.12"]
[Round "-"]
[White "Kenny Elliott"]
[Black "pnwmusichound"]
[Result "0-1"]
[WhiteCountry "USA"]
[BlackCountry "USA"]
[WhiteElo "1512"]
[WhiteRD "69"]
[BlackElo "1945"]
[BlackRD "99"]
[GameID "420390"]

1. e4 e5 2. Nf3 Nc6 3. Bc4 Be7 4. O-O Nf6 5. d3 O-O 6. h3 d6 7. Nc3 Na5 8. b3 c6 9. d4 Nxc4 10. bxc4 Qa5
11. Bd2 exd4 12. Nxd4 Qc5 13. Nb3 Qxc4 14. Qe1 Bd7 15. Be3 Nxe4 16. Nxe4 Qxe4 17. Qd1 Qg6 18. Qf3 Qxc2 19. Rfd1 Bf6 20. Nd4 Qg6
21. Rab1 Rab8 22. Nb3 Be5 23. Bxa7 Ra8 24. Bd4 Bxd4 25. Nxd4 c5 26. Nb5 Bc6 27. Qg3 Qxg3 28. fxg3 Rxa2 29. Nxd6 Rxg2+ 30. Kf1 h6
31. Nxb7 Bxb7 32. Rxb7 Rxg3 33. Rc7 Rxh3 34. Rxc5 Rh1+ 35. Ke2 Rxd1 36. Kxd1 Re8
0-1

[Event "hungary defence  slow knockout"]
[Site "SchemingMind.com"]
[Date "2017.11.25"]
[Round "-"]
[White "slotheman"]
[Black "Scooter"]
[Result "1-0"]
[WhiteCountry "USA"]
[BlackCountry "USA"]
[WhiteElo "1768"]
[WhiteRD "168"]
[BlackElo "1685"]
[BlackRD "55"]
[GameID "421183"]

1. e4 e5 2. Nf3 Nc6 3. Bc4 Be7 4. d4 exd4 5. c3 dxc3 6. Qd5 Nh6 7. Bxh6 O-O 8. Bc1 cxb2 9. Bxb2 Bb4+ 10. Nc3 h6
11. O-O d6 12. Nb5 Be6 13. Qd3 a6 14. Nbd4 Bxc4 15. Qxc4 Bc5 16. Nf5 Na5 17. Qc3 f6 18. Qxa5
1-0

[Event "hungary defence  slow knockout"]
[Site "SchemingMind.com"]
[Date "2017.11.25"]
[Round "-"]
[White "Scooter"]
[Black "slotheman"]
[Result "0-1"]
[WhiteCountry "USA"]
[BlackCountry "USA"]
[WhiteElo "1671"]
[WhiteRD "51"]
[BlackElo "1729"]
[BlackRD "132"]
[GameID "421184"]

1. e4 e5 2. Nf3 Nc6 3. Bc4 Be7 4. O-O Nf6 5. Ng5 O-O 6. Nxf7 Rxf7 7. Bxf7+ Kxf7 8. d3 Bc5 9. Bg5 d6 10. Nc3 Bg4
11. Qxg4 Nxg4 12. Bxd8 Rxd8 13. Nd1 Kg8 14. h3 Nf6 15. Ne3 Nd4 16. c3 Ne2+ 17. Kh1 Nf4 18. Rfd1 a5 19. Nc4 a4 20. Ne3 d5
21. exd5 N6xd5 22. Nc4 Bxf2 23. Nxe5 Ne3 24. Rd2 Bg3 25. d4 Ng6 26. Nxg6 hxg6 27. Re2 Bf4 28. g3 Bh6 29. g4 Bf4 30. Kg1 Rf8
31. Kf2 Bg5+ 32. Kg3 Nf1+ 33. Kg2 Ne3+ 34. Kg1 Rf3 35. Rh2 Bf4 36. Rf2 Rg3+
0-1

[Event "hungary defence  slow knockout"]
[Site "SchemingMind.com"]
[Date "2017.12.02"]
[Round "-"]
[White "Andrea Carra"]
[Black "grabapawn"]
[Result "1-0"]
[WhiteCountry "ITA"]
[BlackCountry "USA"]
[WhiteElo "2080"]
[WhiteRD "105"]
[BlackElo "1543"]
[BlackRD "52"]
[GameID "421467"]

1. e4 e5 2. Nf3 Nc6 3. Bc4 Be7 4. d4 d6 5. dxe5 Bd7 6. exd6 cxd6 7. O-O Nf6 8. Nc3 Qc7 9. Bf4 O-O-O 10. Qe2 h6
11. Nb5 Qb8 12. Rfd1 Ne5 13. Bxe5 dxe5 14. Bxf7 a6 15. Qc4+ Bc6 16. Be6+ Nd7 17. Nc3 b5 18. Qxc6+ Qc7 19. Qa8+ Qb8 20. Bxd7+ Rxd7
21. Qxb8+ Kxb8 22. Rxd7
1-0

[Event "hungary defence  slow knockout"]
[Site "SchemingMind.com"]
[Date "2017.12.02"]
[Round "-"]
[White "grabapawn"]
[Black "Andrea Carra"]
[Result "0-1"]
[WhiteCountry "USA"]
[BlackCountry "ITA"]
[WhiteElo "1543"]
[WhiteRD "52"]
[BlackElo "2080"]
[BlackRD "105"]
[GameID "421468"]

1. e4 e5 2. Nf3 Nc6 3. Bc4 Be7 4. Nc3 Nf6 5. d3 d6 6. h3 O-O 7. g4 Be6 8. Nd5 Bxd5 9. Bxd5 Nxd5 10. exd5 Nd4
11. c3 Nxf3+ 12. Qxf3 f5 13. gxf5 g6 14. Rg1 Kh8 15. Bh6 Rxf5 16. Qg4 Bf8 17. Bxf8 Qxf8 18. Rg2 Qf7 19. c4 Rf8 20. Qg3 Rf3
21. Qh2 Rxd3 22. Rg3 Rxg3 23. Qxg3 Qf3 24. Qxf3 Rxf3 25. Ke2 Rxh3 26. b3 Rh4 27. Rf1 Rf4 28. f3 h5 29. Rg1 Kh7 30. Rg3 Kh6
31. Ke3 g5 32. a3 g4 33. fxg4 hxg4 34. Rg1 Kg5 35. Rg3 Kh4 36. Rg1 g3 37. Rh1+ Kg4 38. Rh7 g2 39. Ke2 Kg3 40. Rg7+ Kh2
41. Rh7+ Kg3 42. Rg7+ Rg4 43. Rxg4+ Kxg4 44. Kf2 Kh3 45. Kg1 Kg3
0-1

[Event "hungary defence  slow knockout"]
[Site "SchemingMind.com"]
[Date "2017.12.11"]
[Round "-"]
[White "Allan Sedstrem"]
[Black "Johnny Owens"]
[Result "0-1"]
[WhiteCountry "SCO"]
[BlackCountry "USA"]
[WhiteElo "1510"]
[WhiteRD "77"]
[BlackElo "1885"]
[BlackRD "70"]
[GameID "421640"]

1. e4 e5 2. Nf3 Nc6 3. Bc4 Be7 4. Nc3 Nf6 5. a3 Nxe4 6. Nxe4 d5 7. Bxd5 Qxd5 8. Nc3 Qd6 9. Ne4 Qg6 10. Ng3 e4
11. Ng1 h5 12. h4 Bg4 13. f3 Bxf3 14. gxf3 Qxg3+ 15. Ke2 Qg2+ 16. Ke3 O-O-O 17. Nh3 Bc5+ 18. Kf4 exf3 19. Ng5 Qg4#
0-1

[Event "hungary defence  slow knockout"]
[Site "SchemingMind.com"]
[Date "2017.12.11"]
[Round "-"]
[White "Johnny Owens"]
[Black "Allan Sedstrem"]
[Result "1-0"]
[WhiteCountry "USA"]
[BlackCountry "SCO"]
[WhiteElo "1885"]
[WhiteRD "70"]
[BlackElo "1510"]
[BlackRD "77"]
[GameID "421641"]

1. e4 e5 2. Nf3 Nc6 3. Bc4 Be7 4. d4 d6 5. d5 Na5 6. Bd3 b6 7. b4 Nb7 8. Ba6 Nf6 9. Nc3 O-O 10. O-O h6
11. Qe2 Nh7 12. a4 Rb8 13. Nb5 Ra8 14. Rd1 f5 15. exf5 Rxf5 16. Ra3 Qd7 17. Rc3 Bd8 18. Nd2 Nf6 19. Nf1 Qf7 20. Ng3 Nxd5
21. Rxd5 Qxd5 22. Nxc7 Bxc7 23. Nxf5 Bd8 24. Bc4 Qxc4 25. Qxc4+ Kh8 26. Nxh6 gxh6 27. Rg3 Bf6 28. Qg8#
1-0

[Event "hungary defence  slow knockout"]
[Site "SchemingMind.com"]
[Date "2017.12.12"]
[Round "-"]
[White "kenneth m day"]
[Black "DANDYLIONHONEYBADGER"]
[Result "1-0"]
[WhiteCountry "USA"]
[BlackCountry "USA"]
[WhiteElo "1717"]
[WhiteRD "58"]
[BlackElo "1352"]
[BlackRD "79"]
[GameID "421653"]

1. e4 e5 2. Nf3 Nc6 3. Bc4 Be7 4. d4 d6 5. Be3 Na5 6. Be2 Nf6 7. Nc3 Nc4 8. Bxc4 c6 9. Ng5 Be6 10. Bxe6 fxe6
11. Nxe6 Qa5 12. Nxg7+ Kd7 13. dxe5 Ne8 14. O-O Nxg7 15. exd6 Bxd6 16. Qg4+ Ne6 17. Rad1 Qe5 18. Bd4 Qg5 19. Qxg5 Nxg5 20. Bxh8 Rxh8
21. e5
1-0

[Event "hungary defence  slow knockout"]
[Site "SchemingMind.com"]
[Date "2017.12.12"]
[Round "-"]
[White "DANDYLIONHONEYBADGER"]
[Black "kenneth m day"]
[Result "0-1"]
[WhiteCountry "USA"]
[BlackCountry "USA"]
[WhiteElo "1352"]
[WhiteRD "79"]
[BlackElo "1717"]
[BlackRD "58"]
[GameID "421654"]

1. e4 e5 2. Nf3 Nc6 3. Bc4 Be7 4. c3 Nf6 5. Ng5 d5 6. exd5 Nxd5 7. d4 Be6 8. Nxe6 fxe6 9. O-O O-O 10. Qg4 Qd7
11. Bh6 Rf7 12. Nd2 exd4 13. Nf3 Kh8 14. Bg5 h6 15. Qh5 Rf5 16. Bd3 Rxf3 17. gxf3 Bxg5 18. Qg6 Nf6 19. c4 Ne5 20. Qxg5 hxg5
21. Be2 Qc6 22. b3 Nxf3+ 23. Bxf3 Qxf3 24. Rae1 Ng4
0-1

[Event "hungary defence  slow knockout"]
[Site "SchemingMind.com"]
[Date "2017.12.07"]
[Round "-"]
[White "pioneer"]
[Black "Greg Magne"]
[Result "1-0"]
[WhiteCountry "RUS"]
[BlackCountry "CAN"]
[WhiteElo "2155"]
[WhiteRD "139"]
[BlackElo "1718"]
[BlackRD "89"]
[GameID "421655"]

1. e4 e5 2. Nf3 Nc6 3. Bc4 Be7 4. O-O Nf6 5. d3 O-O 6. Re1 Re8 7. a4 d5 8. exd5 Nxd5 9. Nxe5 Bf6 10. Nxc6 bxc6
11. Nd2 Bf5 12. Rxe8+ Qxe8 13. a5 Qd7 14. Ne4 Be5 15. c3 h6 16. f3 Rb8 17. Kh1 Bg6 18. Qg1 Rb7 19. Nc5 Qc8 20. Nxb7 Qxb7
21. a6 Qb8 22. Bxd5 cxd5 23. Be3 Bxd3 24. Bxa7 Qxb2 25. Bd4
1-0

[Event "hungary defence  slow knockout"]
[Site "SchemingMind.com"]
[Date "2017.12.07"]
[Round "-"]
[White "Greg Magne"]
[Black "pioneer"]
[Result "0-1"]
[WhiteCountry "CAN"]
[BlackCountry "RUS"]
[WhiteElo "1718"]
[WhiteRD "89"]
[BlackElo "2155"]
[BlackRD "139"]
[GameID "421656"]

1. e4 e5 2. Nf3 Nc6 3. Bc4 Be7 4. d4 exd4 5. Nxd4 Nf6 6. Nc3 O-O 7. O-O d6 8. Kh1 Nxd4 9. Qxd4 c6 10. Bg5 b5
11. Be2 c5 12. Qe3 b4 13. Nd1 Bb7 14. f3 h6 15. Bh4 d5 16. Nf2 dxe4 17. fxe4 Nxe4 18. Bxe7 Qxe7 19. Rae1 Rae8 20. Nxe4 Qxe4
21. Qxe4 Rxe4 22. Bf3 Rxe1 23. Rxe1 Bxf3 24. gxf3 Rd8 25. Re2 Rd1+ 26. Kg2 Ra1 27. c3 Rxa2 28. cxb4 cxb4 29. Kf2 a5
0-1

[Event "hungary defence  slow knockout"]
[Site "SchemingMind.com"]
[Date "2017.12.27"]
[Round "-"]
[White "fu_manchu"]
[Black "Helga1946"]
[Result "0-1"]
[WhiteCountry "CAN"]
[BlackCountry "GER"]
[WhiteElo "1809"]
[WhiteRD "76"]
[BlackElo "2265"]
[BlackRD "60"]
[GameID "422276"]

1. e4 e5 2. Nf3 Nc6 3. Bc4 Be7 4. d4 exd4 5. Nxd4 Ne5 6. Bb3 Bc5 7. c3 d6 8. O-O Bg4 9. f3 Bd7 10. Be3 a6
11. h3 Nf6 12. f4 Ng6 13. Nd2 O-O 14. Bc2 b5 15. N2f3 Re8 16. f5 Ne5 17. Bg5 Nc4 18. Rb1 h6 19. Bxf6 Qxf6 20. Re1 d5
21. Kh1 dxe4 22. Bxe4 Rad8 23. Qc2 Bb6 24. Bd3 c5 25. Ne2 Ne3 26. Qc1 Bc6 27. Bc2 Bxf3 28. gxf3 Nxc2 29. Qxc2 Qh4 30. Ng1 Rxe1
31. Rxe1 Qxe1
0-1

[Event "hungary defence  slow knockout"]
[Site "SchemingMind.com"]
[Date "2017.12.27"]
[Round "-"]
[White "Helga1946"]
[Black "fu_manchu"]
[Result "1-0"]
[WhiteCountry "GER"]
[BlackCountry "CAN"]
[WhiteElo "2265"]
[WhiteRD "60"]
[BlackElo "1809"]
[BlackRD "76"]
[GameID "422277"]

1. e4 e5 2. Nf3 Nc6 3. Bc4 Be7 4. c3 Nf6 5. d4 d6 6. Ng5 O-O 7. Bxf7+ Rxf7 8. Nxf7 Kxf7 9. d5 Nb8 10. f3 b6
11. Be3 Ba6 12. b3 c5 13. Qd2 Nbd7 14. a4 Kg8 15. c4 Qe8 16. Nc3 Qg6 17. a5 Bc8 18. axb6 Nxb6 19. O-O Bh3 20. Nb5 a5
21. Kh1 Bd7 22. Rxa5 Rxa5 23. Qxa5 Bd8 24. Nxd6 Ne8 25. Nxe8 Qxe8 26. Qxc5 Na8 27. Qa7 Nc7 28. Ra1
1-0

[Event "hungary defence  slow knockout"]
[Site "SchemingMind.com"]
[Date "2018.01.02"]
[Round "-"]
[White "Till Plewe"]
[Black "Andrea Carra"]
[Result "1-0"]
[WhiteCountry "JPN"]
[BlackCountry "ITA"]
[WhiteElo "2532"]
[WhiteRD "108"]
[BlackElo "2105"]
[BlackRD "111"]
[GameID "422635"]

1. e4 e5 2. Nf3 Nc6 3. Bc4 Be7 4. d4 exd4 5. c3 Na5 6. Be2 dxc3 7. Nxc3 d6 8. O-O Nc6 9. Qb3 Nf6 10. Rd1 O-O
11. e5 Nd7 12. exd6 cxd6 13. Be3 Nf6 14. Rac1 Qa5 15. Nd4 d5 16. Bf3 Be6 17. Nxe6 fxe6 18. Qxb7 Rfc8 19. Nxd5 Nxd5 20. Bxd5 exd5
21. Rxc6 Qd8 22. Rxd5 Qe8 23. Rxc8 Rxc8 24. Re5 Rd8 25. g3
1-0

[Event "hungary defence  slow knockout"]
[Site "SchemingMind.com"]
[Date "2018.01.02"]
[Round "-"]
[White "Andrea Carra"]
[Black "Till Plewe"]
[Result "0-1"]
[WhiteCountry "ITA"]
[BlackCountry "JPN"]
[WhiteElo "2111"]
[WhiteRD "108"]
[BlackElo "2522"]
[BlackRD "106"]
[GameID "422636"]

1. e4 e5 2. Nf3 Nc6 3. Bc4 Be7 4. d4 exd4 5. Nxd4 Nf6 6. Nxc6 bxc6 7. e5 Ne4 8. Qf3 d5 9. exd6 Nxd6 10. Bd3 O-O
11. O-O Rb8 12. b3 Bf6 13. c3 c5 14. Qh5 g6 15. Qxc5 Re8 16. Bf4 Rb6 17. Nd2 Nb7 18. Qc4 Be6 19. Qa4 Nc5 20. Bxc7 Nxa4
0-1

[Event "hungary defence  slow knockout"]
[Site "SchemingMind.com"]
[Date "2018.01.22"]
[Round "-"]
[White "slotheman"]
[Black "Jari Laine"]
[Result "0-1"]
[WhiteCountry "USA"]
[BlackCountry "FIN"]
[WhiteElo "1649"]
[WhiteRD "119"]
[BlackElo "2506"]
[BlackRD "76"]
[GameID "423422"]

1. e4 e5 2. Nf3 Nc6 3. Bc4 Be7 4. d4 exd4 5. c3 d6 6. Nxd4 Nf6 7. Bxf7+ Kxf7 8. Qf3 Re8 9. Nxc6 bxc6 10. O-O Kg8
11. h3 Ba6 12. Re1 Nd7 13. Bf4 Nc5 14. Re3 Rf8 15. Qg4 Bc8 16. Qg3 Ne6 17. Bh6 Bh4 18. Bg5 Bxg5 19. Rf3 Bf4 20. Qg4 Ng5
0-1

[Event "hungary defence  slow knockout"]
[Site "SchemingMind.com"]
[Date "2018.01.22"]
[Round "-"]
[White "Jari Laine"]
[Black "slotheman"]
[Result "1-0"]
[WhiteCountry "FIN"]
[BlackCountry "USA"]
[WhiteElo "2504"]
[WhiteRD "77"]
[BlackElo "1593"]
[BlackRD "107"]
[GameID "423423"]

1. e4 e5 2. Nf3 Nc6 3. Bc4 Be7 4. c3 Nf6 5. d3 O-O 6. O-O Na5 7. Bb5 d6 8. Ba4 b6 9. b4 Nb7 10. Bc6 a6
11. c4 Rb8 12. Nc3 Bd7 13. Bxd7 Qxd7 14. a4 d5 15. Nxd5 Nxd5 16. cxd5 Bxb4 17. Nxe5 Qd6 18. Nc6 Rbe8 19. Nxb4 Nc5 20. Nc6 Qf6
21. Ba3 Kh8 22. a5 Nd7 23. Bxf8 Nxf8 24. axb6 cxb6 25. Rxa6 b5 26. e5 Qg5 27. f4 Qf5 28. Ra7 Ng6 29. d6 Nxf4 30. d7 Qe6
31. dxe8=Q+ Qxe8 32. Qa1
1-0

[Event "hungary defence  slow knockout"]
[Site "SchemingMind.com"]
[Date "2018.02.04"]
[Round "-"]
[White "frankly"]
[Black "echecs"]
[Result "1-0"]
[WhiteCountry "ENG"]
[BlackCountry "ENG"]
[WhiteElo "2668"]
[WhiteRD "64"]
[BlackElo "1797"]
[BlackRD "72"]
[GameID "424402"]

1. e4 e5 2. Nf3 Nc6 3. Bc4 Be7 4. d4 exd4 5. Nxd4 d6 6. Nxc6 bxc6 7. e5 d5 8. Bd3 Bg5 9. Nd2 Ne7 10. O-O O-O
11. f4 Bh6 12. Nb3 g6 13. Bd2 Nf5 14. g4 Ne7 15. f5 g5 16. Qf3 Bb7 17. Qh3 f6 18. Qxh6 Nc8 19. Bxg5 fxg5 20. f6
1-0